000 00496nam a2200181Ia 4500
999 _c13710
_d13710
003 OSt
005 20201022112614.0
008 190216s9999||||xx |||||||||||||| ||und||
040 _coclc
082 _a821.8
_bARN/S
100 _aArnold, Matthew
_95789
245 0 _aSelected Poems /
_cMatthew Arnold
250 _a7th Ed.
260 _bRama Brothers ,
_c1993.
_aNew Delhi:
300 _a350p
650 _aEnglish Poetry
942 _cBK
_2ddc
_h821.8
_iARN/S
_k821.8
_mARN/S